000 00474nam a2200181Ia 4500
003 GCL
008 140319s9999 xx 000 0 eng d
040 _aGCL /
_cGCL
082 0 4 _a306.8143
_bN M
100 1 _aNICE, VIVIEN E.
245 1 0 _aMOTHERS AND DAUGHTERS: THE DISTORTION OF A RELATIONSHIP /
_cNICE, VIVIEN E.
260 _a[S.N] :
_bMACMILLAN ،
_c1992
300 _aLONDON
650 0 4 _aDAUGHTERS
650 0 4 _aWOMEN
650 0 4 _aMOTHERHOOD
942 _2ddc
_cBK
999 _c21379
_d21379